Woodchuck at Blackberry road / (Record no. 8922)

MARC details
000 -LEADER
fixed length control field 00952nam a22002777a 4500
001 - CONTROL NUMBER
control field 8922
003 - CONTROL NUMBER IDENTIFIER
control field FISKH
005 - DATE AND TIME OF LATEST TRANSACTION
control field 20251110081736.0
008 - FIXED-LENGTH DATA ELEMENTS--GENERAL INFORMATION
fixed length control field 251031b cb ||||| |||| 00| 0 eng d
020 ## - INTERNATIONAL STANDARD BOOK NUMBER
International Standard Book Number 011475125549
040 ## - CATALOGING SOURCE
Original cataloging agency FISKH
Language of cataloging eng
Transcribing agency FISKH
Modifying agency FISKH
050 ## - LIBRARY OF CONGRESS CALL NUMBER
Classification number PZ10.L33235 W
082 ## - DEWEY DECIMAL CLASSIFICATION NUMBER
Classification number 791.06
100 ## - MAIN ENTRY--PERSONAL NAME
Personal name Lamm, C. Drew
245 ## - TITLE STATEMENT
Title Woodchuck at Blackberry road /
Statement of responsibility, etc. by C. Drew Lamm ; Illustrated by Allen Davis
260 ## - PUBLICATION, DISTRIBUTION, ETC.
Place of publication, distribution, etc. Norwalk :
Name of publisher, distributor, etc. Smithsonian's Backyard,
Date of publication, distribution, etc. 1994.
300 ## - PHYSICAL DESCRIPTION
Extent 30 unnumbered pages :
Other physical details color illustrations ;
Dimensions 12 x 15 cm
505 ## - FORMATTED CONTENTS NOTE
Formatted contents note Q<br/>
520 ## - SUMMARY, ETC.
Summary, etc. A woodchuck hibernates in the winter, gives birth in the spring, and teaches her young in the summer how to recognize and escape from predators.
521 8# - TARGET AUDIENCE NOTE
Target audience note 660<br/>
Source Lexile estimate<br/>
521 8# - TARGET AUDIENCE NOTE
Target audience note Q<br/>
Source Raz-Plus<br/>
650 ## - SUBJECT ADDED ENTRY--TOPICAL TERM
Topical term or geographic name entry element Animals
Form subdivision Picture book
General subdivision Groundhog Day
700 ## - ADDED ENTRY--PERSONAL NAME
Personal name Davis, Allen
Relator term illustrator
942 ## - ADDED ENTRY ELEMENTS (KOHA)
Source of classification or shelving scheme Dewey Decimal Classification
Koha item type Books
Suppress in OPAC No
Holdings
Withdrawn status Lost status Source of classification or shelving scheme Damaged status Not for loan Collection Home library Current library Shelving location Date acquired Total Checkouts Full call number Barcode Date last seen Date last checked out Copy number Price effective from Koha item type
    Dewey Decimal Classification     Juvenile Fiction Footprints International School Library Network Toul Tom Poung Campus Footprints International School Library Network Toul Tom Poung Campus TTP Primary Orange Bookshelves 11/10/2025 1 LAM 791.06 PZ10.L33235 W FISTK00974 01/22/2026 01/15/2026 1 11/10/2025 Books